000 01282nam0a22002771 4500
001 rc\4696051
005 20250612154845.0
021 _aRU
_b[61-76090]
035 _a(NLR Aleph) 008716605
090 _a9391628
_c9391628
100 _a20130416d1961 |||y0rusy50 ca
101 0 _arus
102 _aRU
105 _aa z |||||
200 1 _aМетодика рационального планирования экспериментов
_e(В порядке обсуждения)
_fИн-т горного дела им. А.А. Скочинского
210 _aМосква
_cБ. и.
_d1961
215 _a54 с.
_cчерт.
_d21
300 _aПеред загл. авт.: проф. д-р техн. наук М.М. Протодьяконов
606 _aГорное дело
_xЭкспериментальные исследования
_2psbo
608 _aМатематическая статистика
_xПрименение в горном деле
_2psbo
700 1 _7ca
_8rus
_aПротодьяконов
_bМ. М.
_cмл.
_cд-р техн. наук, горные машины
_f1911-1987
_gМихаил Михайлович
_9237037
_3RU\NLR\AUTH\770237093
801 0 _aRU
_bNLR
_gpsbo
801 1 _aRU
_bELAR
_2rusmarc
852 _aNLR
_j61-6/9772
942 _cBOOK
980 _aNB